Statistiques concernant Animaux emblématique

Cliquez ici pour prendre le quiz!

Statistiques générales

  • Ce quiz a été pris 45 fois
  • Le résultat moyen est 57 sur 159

Statistiques - réponses

HintRéponse% Correct
Angleterre | Belgique | Bulgarie | +5 othersLion
95%
Albanie | Allemagne | Autriche | +7 othersAigle
90%
Laos | ThailandeElephant
90%
Corée du Sud | MalaisieTigre
83%
FranceCoq
81%
Finlande | RussieOurs
81%
TanzanieGirafe
71%
SalomonRequin
71%
NépalVache
71%
Mongolie | St-MarinCheval
69%
Grèce | TuvaluDauphin
69%
AustralieKangourou
69%
Italie | TurquieLoup
69%
Arménie | Pays de GallesDragon
62%
BolivieLama
62%
BotswanaZebre
62%
GuyanaJaguar
60%
Islande | SyrieFaucon
57%
AlgérieFennec
57%
ChinePanda
57%
EspagneTaureau
57%
TimorCrocodile
55%
Rwanda | Somalie | YemenLeopard
55%
Erythrée | KoweitDromadaire
52%
Norvège | SuedeElan
52%
Honduras | IrlandeCerf
50%
Nouvelle
Zélande
Kiwi
50%
VanuatuCochon
48%
GambieHyene
45%
LibanHyène
45%
EcosseLicorne
45%
MonacoLapin
43%
DominiquePerroquet
43%
NigerAntilope
38%
Viet NamBuffle
38%
CanadaCastor
38%
Colombie | EquateurCondor
36%
Bosnie | Portugal | Roumanie | SlovénieLynx
36%
Afrique Du SudSpringbok
36%
Sierra LeoneChimpanzé
33%
IndePaon
33%
BiélorussieBison
31%
JamaiqueColibri
29%
GrenadeColombe
29%
Brunei | Etats-Unis | Pologne | Soudan du SudPygargue
29%
BelizeTapir
26%
PanamaGrenouille
24%
GroenlandOurs Blanc
24%
LituanieCigogne
21%
SuisseMarmotte
21%
Brésil | Costa RicaMerle
21%
RDCongoOkapi
21%
Bahrein | Emirats Arabe
Unis
| Jordanie | +2 others
Oryx
19%
GuatemalaQuetzal
17%
Bénin | DanemarkEcureuil
14%
Burkina FasoEtalon
14%
EstonieHirondelle
14%
ChypreMouflon
14%
GabonPanthere noire
14%
IrakPerdrix
14%
AntiguaDaim
12%
JaponFaisan
10%
TaiwanOurs Noir
10%
MaldivesThon
10%
LettonieCoccinelle
7%
IndonésieDragon de Komodo
7%
Côte d'IvoireElephant d'Afrique
7%
OugandaGrue royale
7%
ZimbabweHippotrague
7%
IsraelHuppe
7%
AzerbaidjanKarabakh
7%
Afghanistan | KazakhstanLéopard des Neiges
7%
MarocLion de l'Atlas
7%
PakistanMarkhor
7%
CroatieMartre
7%
BangladeshTigre du Bengale
7%
AngolaTouraco
7%
PérouVigogne
7%
Ste-LucieAmazone
5%
ParaguayAraponga
5%
MoldavieAurochs
5%
Arabie SaouditeCheval Arabe
5%
Corée du NordChollima
5%
PapouasieDugong
5%
Sri LankaEcureuil Géant
5%
République
Dominicaine
Esclave Palmiste
5%
ArgentineFourniers
5%
Kiribati | NauruFrégate
5%
AndorreGypaete
5%
OuzbékistanKarabair
5%
CambodgeKouprey
5%
Iran | SingapourLion Asiatique
5%
Cameroun | Congo | Ethiopie | +2 othersLion d'Afrique
5%
BahamasMakaire
5%
MadagascarMaki catta
5%
Nicaragua | SalvadorMotmot
5%
VenezuelaOriole
5%
UkraineRossignol
5%
PalestineSouimanga
5%
BhoutanTakin
5%
Cuba | HaitiTrogon
5%
HongrieTurul
5%
UruguayVanneau
5%
BirmanieEléphant Blanc
2%
MalteMonticole
2%
MexiqueCara Cara
0%
ChiliHuemel
0%
GibraltarMagot
0%

Distribution des résultats

Percentile par nombre de réponses

% des personnes avec chaque résultat

Votre développement - résultats

Vous n’avez pas pris ce quiz